000 00608nam a2200193Ia 4500
005 20250508165117.0
008 008 250505s9999 xx 000 0 hin d
037 _aDissertations
040 _aFEDL
_beng
_cFEDL
041 _ahin
_2eng
084 _a376, RAT/DI
_qFEDL
100 _aRathore Sneha
_9779913
245 0 _aUttar Delhi ke 'seh-shiksha' tatha 'kanya' vidyalaya ke vidyarthiyon ki gender sambandhi avdharnaon ka adhyyan
260 _c2011
300 _a83p.
546 _aM. Ed. Dissertation, (Delhi University)
942 _cDIS
_h376, RAT/DI
999 _c1393226
_d1393226